[Event "Novosibirsk-ch Seniors op"]
[Site "Novosibirsk"]
[Date "2007.10.02"]
[Round "8"]
[White "Chesnokov, Gennady"]
[Black "Pisarsky, Georgy"]
[Result "0-1"]
[WhiteElo "2018"]
[BlackElo "2059"]
[PlyCount "100"]
[EventDate "2007.09.24"]
[EventType "swiss"]
[EventRounds "9"]
[EventCountry "RUS"]
[SourceTitle "EXT 2022"]
[Source "ChessBase"]
[SourceDate "2021.10.06"]
[SourceVersion "1"]
[SourceVersionDate "2021.10.06"]
[SourceQuality "1"]

1. c4 e5 2. Nc3 g6 3. d4 Bg7 4. dxe5 Bxe5 5. Nf3 Bg7 6. Bg5 f6 7. Bh4 Ne7 8. Qb3 Na6 9. e3 Nc5 10. Qa3 b6 11. b4 Ne6 12. Rd1 Bb7 13. Qb3 a5 14. a3 axb4 15. axb4 0-0 16. Be2 Kh8 17. 0-0 Nf5 18. Bg3 Nxg3 19. hxg3 f5 20. Nb5 Qe7 21. Nbd4 Bf6 22. Nxe6 dxe6 23. Nd4 e5 24. Nb5 h5 25. Bf3 Bxf3 26. gxf3 Rfd8 27. Nc3 c6 28. Ne2 g5 29. Qc2 Qe6 30. g4 hxg4 31. fxg4 f4 32. Qf5 Qxf5 33. gxf5 Ra3 34. b5 cxb5 35. cxb5 Rad3 36. Rxd3 Rxd3 37. Rc1 Be7 38. Rc6 Bc5 39. exf4 gxf4 40. Re6 Rd2 41. Rxe5 f3 42. Nc3 Bxf2+ 43. Kf1 Bd4 44. Re8+ Kh7 45. Re7+ Kh6 46. Rc7 Rg2 47. Rc6+ Kh5 48. Rg6 Rc2 49. Nd1 Rc1 50. Ke1 f2+ 0-1

[Event "Novosibirsk-ch Seniors op"]
[Site "Novosibirsk"]
[Date "2007.09.29"]
[Round "6"]
[White "Pisarsky, Georgy"]
[Black "Kuzin, Vladimir"]
[Result "0-1"]
[WhiteElo "2059"]
[BlackElo "2026"]
[PlyCount "88"]
[EventDate "2007.09.24"]
[EventType "swiss"]
[EventRounds "9"]
[EventCountry "RUS"]
[SourceTitle "EXT 2022"]
[Source "ChessBase"]
[SourceDate "2021.10.06"]
[SourceVersion "1"]
[SourceVersionDate "2021.10.06"]
[SourceQuality "1"]

1. b4 e5 2. Bb2 d6 3. c4 Nf6 4. e3 Be7 5. Nf3 0-0 6. Nc3 c6 7. a4 h6 8. Be2 Nh7 9. d4 Nd7 10. Qb3 Ng5 11. 0-0-0 Nxf3 12. gxf3 Bh4 13. Ne4 Qe7 14. Rhg1 b5 15. axb5 cxb5 16. dxe5 bxc4 17. Bxc4 dxe5 18. Nd6 Nb6 19. Bxf7+ Rxf7 20. Qxf7+ Qxf7 21. Nxf7 Kxf7 22. Bxe5 g6 23. Bg3 Bf6 24. e4 Be6 25. e5 Be7 26. Rd4 Nc4 27. Bf4 Rc8 28. Kd1 g5 29. Ke2 gxf4 30. Rxf4+ Ke8 31. Rg6 Rc6 32. Rxe6 Rxe6 33. Rxc4 Rxe5+ 34. Kf1 Kd7 35. f4 Rb5 36. Rd4+ Ke6 37. Rc4 Rxb4 38. Rc6+ Bd6 39. f5+ Ke5 40. Ra6 Bc5 41. Rxh6 Rf4 42. Re6+ Kxf5 43. Re2 a5 44. Ra2 Rxf2+ 0-1